Uncertainty and Information : Foundation of Generalized Information Theory
Salvato in:
| Autore principale: | |
|---|---|
| Natura: | Libro |
| Lingua: | inglese |
| Pubblicazione: |
Hoboken :
Wiley-Interscience,
2006
|
| Soggetti: | |
| Tags: |
Nessun Tag, puoi essere il primo ad aggiungerne!!
|
MARC
| LEADER | 00000nam a22000003a 4500 | ||
|---|---|---|---|
| 001 | stu130380 | ||
| 005 | 20190206124110.0 | ||
| 008 | 061128s2006----xxu-----------------eng-d | ||
| 020 | |a 0-471-74867-6 | ||
| 040 | |a STU |b slo | ||
| 041 | 0 | |a eng | |
| 044 | |a xxu | ||
| 100 | 1 | |a Klir, George J |4 aut | |
| 245 | 1 | |a Uncertainty and Information : |b Foundation of Generalized Information Theory | |
| 260 | |a Hoboken : |b Wiley-Interscience, |c 2006 | ||
| 300 | |a 499 s | ||
| 650 | 7 | |a informačná teória |2 stusub | |
| 650 | 7 | |a základy |2 stusub | |
| 996 | |b I5764 |c I*5764 |l II680 |s A |a 24 |w stu130380_0001 | ||